Statistiques concernant Discographie de Vald / 2014 - 2018

Cliquez ici pour prendre le quiz!

Statistiques générales

  • Ce quiz a été pris 208 fois
  • Le résultat moyen est 43 sur 118

Statistiques - réponses

Réponse% Correct
Désaccordé
82%
Vitrine
80%
Primitif
74%
Seum
71%
Bonjour
70%
Dragon
70%
Gris
70%
Possédé
70%
Possédé - Remix
70%
Offshore
69%
Réflexions basses
68%
Deviens génial
67%
Ma meilleure amie
67%
Megadose
67%
Blanc
65%
L.D.S
65%
Lezarman
65%
Rechute
65%
Selfie
65%
Trophée
64%
Acacia
60%
Eurotrap
60%
Je t'aime
57%
Strip
57%
YAX3
57%
Rocking Chair
56%
DQTP
54%
Journal perso
54%
Dernier verre
52%
Infanticide
52%
Rituel
51%
Totem
51%
Autiste
50%
Libellule
50%
Neo
50%
Kid Cudi
49%
Résidus
49%
Si j'arrêtais
49%
Chépakichui
48%
Jentertain
48%
Petite chatte
48%
Shoote un ministre
48%
Urbanisme
48%
Surprise
46%
Aulnay Sous Bois
44%
MacDo
43%
Ne me déteste pas
43%
Non stop
43%
NQNT
43%
Foie gras
41%
Promesse
38%
Sombre soirée
37%
Branleur
34%
Mana
34%
Ogre
34%
Berflam
33%
Interlude
33%
Quidam
32%
Par Toutatis
31%
Baby squirt
30%
Champignon
30%
CQFD
30%
CQFD - Bonus Track
30%
Joffrey
30%
Retour
30%
Smiley
30%
Vlad
30%
Taga
28%
C'est Pour
27%
Elle Me Regarde
27%
Kamasutra
27%
Cartes sous l'coude
26%
Lune
26%
Vie De Cochon
26%
Dis moi tout BB
25%
Sullyvan
25%
No Tube Zone
24%
Rhumance
24%
Verre de sang
23%
Molly interlude
21%
Winston
21%
Bareme
20%
Elyxir
20%
Flowjob
20%
Lettre à Elise - Interlude
20%
PF - Bonus Track
20%
Metafion
19%
Cylindrique
18%
La ive
17%
Lalala
17%
Gouaould - Interlude
16%
Guedin
16%
Horrible
16%
V.A.L.S.E
16%
ass propos
15%
Hippopotomonstrosesquippedaliophobie
15%
Adulez-moi
14%
Evoluchienne
14%
Mon présent
14%
Donkey Punch
13%
Deuspi
12%
Fado - Interlude
12%
La comptine de Sullyvan - Interlude
12%
Pas grave
12%
Poésie moderne
12%
Pour si peu
12%
Bukkake
11%
Épices loufoques
11%
John Doe
11%
Que fait la police
11%
Rockstar
11%
Bad Trip
10%
Encore
10%
J'ai vu - Interlude
10%
Spirale
10%
Nique le bordel
9%

Distribution des résultats

Percentile par nombre de réponses

% des personnes avec chaque résultat

Votre développement - résultats

Vous n’avez pas pris ce quiz